00802cam a2200241 a 45000010005000000030009000050050017000140080041000310200016000720200018000880400038001060820018001441000026001622450117001882600044003053000032003495040051003816000033004326500026004656500029004917000017005207000023005372938BD-DhUAP20200301124623.0200301s1998 bg abf b f000 0 eng  a3764352221  a9783764352226 aBD-DhUAPcBD-DhUAPdBD-DhUAPbEng a724.7 GER223 aGerkan, Meinhard Von. aArchitecture, 1991-1995 :bVon Gerkan, Marg und Partner /cMeinhard Von Gerkan, Von Gerkan and Marg und Partner. aBasel : bBirkhàˆuser Verlag,cc1995. a512 pages :bill. ;c30 cm. aIncludes bibliographical references and index. aVon Gerkan, Marg und Partner aArchitecture, Modern  aArchitecture, Postmodern aGerkan, Von  aPartner, Marg und